[Event "Sant Gregori op 4th"]
[Site "Sant Gregori"]
[Date "2019.07.10"]
[Round "3.5"]
[White "Bonilla Rodriguez, Javier"]
[Black "Vila Camps, Carles"]
[Result "1/2-1/2"]
[WhiteElo "1560"]
[BlackElo "1747"]
[PlyCount "86"]
[EventDate "2019.07.08"]
[EventType "swiss"]
[EventRounds "7"]
[EventCountry "ESP"]
[SourceTitle "EXT 2024"]
[Source "ChessBase"]
[SourceDate "2023.10.10"]
[SourceVersion "1"]
[SourceVersionDate "2023.10.10"]
[SourceQuality "1"]

1. e4 Nf6 2. Nc3 e5 3. Nf3 Bb4 4. d3 d5 5. Bg5 Nc6 6. a3 dxe4 7. Nd2 Bxc3 8. bxc3 exd3 9. cxd3 Bf5 10. Nb3 Qd6 11. Be2 Nd5 12. Bd2 Qg6 13. Nc1 Qxg2 14. Bf3 Nxc3 15. Bxc3 Qg6 16. Bxc6+ Qxc6 17. Kd2 0-0-0 18. f3 e4 19. fxe4 Qxe4 20. Kc2 Qa4+ 21. Kb2 Qb5+ 22. Qb3 Qxb3+ 23. Kxb3 Bxd3 24. Nxd3 Rxd3 25. Kc2 Rh3 26. Rag1 Rg8 27. Rg3 Rxg3 28. hxg3 h6 29. Rh4 f5 30. Be5 c5 31. Kc3 Kd7 32. Kc4 Ke6 33. Bc3 b6 34. Kb5 a6+ 35. Kxb6 Kd5 36. Kc7 Re8 37. Rf4 g6 38. Bf6 Re3 39. Ra4 Re6 40. Ba1 g5 41. Kd7 Rg6 42. Kc7 Rg8 43. Bf6 f4 1/2-1/2